000
00256nam a2200109Ia 4500
008
220216s9999 xx 000 0 und d
100
_a
Majumdar Samir
245
0
_a
Tyre uniformity
260
_b
Wheels of India
_c
1993
300
_a
23-28,59-61
942
_c
JS
999
_c
71686
_d
71686